Normal view MARC view
  • Ortega Sánchez, Rosa María

Entry Nombre Personal

Number of records used in: 1

001 - NUMERO DE CONTROL

  • campo de control: 46819

003 - IDENTIFICADOR DE NUMERO DE CONTROL

  • campo de control: DLC

005 - FECHA Y HORA DE LA ÜLTIMA TRANSACCIÓN

  • campo de control: 20221012082129.0

008 - DATOS DE LONGITUD FIJA

  • campo de control de longitud fija: 221012n| azannaabn |a aaa c

010 ## - NÚMERO DE CONTROL DE LA BIBLIOTECA DEL CONGRESO

  • Número de control LC: no2020086986

035 ## - NUMERO DE CONTROL

  • Número de control: (OCoLC)oca13072938

040 ## - FUENTE DE CATALOGACIÓN

  • Agencia original de catalogación: ICU
  • Lenguaje de catalogación: spa
  • Description conventions: rda
  • Agencia de transcripción: ICU
  • Agencia que lo modifica: MX-MxUPN

100 1# - ENCABEZAMIENTO - NOMBRE PERSONAL

  • Nombre personal: Ortega Sánchez, Rosa María

372 ## - CAMPO DE ACTIVIDAD

  • Field of activity: Pedagogía
  • Field of activity: Educación
  • Field of activity: Aprendizaje mejorado por la tecnología

373 ## - GRUPO ASOCIADO

  • Associated group: Universidad de Guadalajara. Centro Universitario del Norte
  • Fuente del término: naf

374 ## - OCUPACIÓN

  • Occupation: Educadora
  • Occupation: Profesora universitaria
  • Fuente del término: lcsh

375 ## - GÉNERO

  • Gender: femenino
  • Fuente del término: lcdgt

377 ## - LENGUA ASOCIADA

  • Language code: spa

400 1# - VEÁSE - NOMBRE DE PERSONA

  • Personal name: Sánchez, Rosa María Ortega

670 ## - FUENTE EN LA QUE SE LOCALIZARON DATOS

  • Cita de la fuente: González Jiménez, Katya. Las mujeres en la región norte de Jalisco, 2019:
  • Información localizada: portada (Rosa María Ortega Sánchez)

670 ## - FUENTE EN LA QUE SE LOCALIZARON DATOS

  • Cita de la fuente: ResearchGate website, visited July 22, 2020:
  • Información localizada: Rosa María Ortega Sánchez página web (Rosa María Ortega Sánchez; doctor of education; teaches in the Departamento de Cultura, Justicia y Democracia at the Centro Universitario del Norte of the University of Guadalajara; research interests: pedagogy and education; technology-enhanced learning; blended learning)
  • Uniform Resource Identifier: https://www.researchgate.net/profile/Rosa_Ortega_Sanchez

902 ## - CATALOGADOR

  • Catalogador: NDAF/121022